Pokemon 1-386 - Statistics

General Stats
  • This quiz has been taken 1,710 times
    1,708 since last reset
  • The average score is 281 of 386
Answer Stats
Hint Answer % Correct
1 Bulbasaur
96%
4 Charmander
95%
2 Ivysaur
95%
3 Venusaur
95%
9 Blastoise
94%
6 Charizard
94%
5 Charmeleon
94%
7 Squirtle
94%
25 Pikachu
93%
8 Wartortle
93%
10 Caterpie
92%
11 Metapod
92%
151 Mew
92%
150 Mewtwo
92%
18 Pidgeot
92%
17 Pidgeotto
92%
16 Pidgey
92%
26 Raichu
92%
144 Articuno
91%
15 Beedrill
91%
12 Butterfree
91%
14 Kakuna
91%
146 Moltres
91%
13 Weedle
91%
63 Abra
90%
65 Alakazam
90%
24 Arbok
90%
23 Ekans
90%
22 Fearow
90%
64 Kadabra
90%
21 Spearow
90%
145 Zapdos
90%
133 Eevee
89%
136 Flareon
89%
92 Gastly
89%
94 Gengar
89%
93 Haunter
89%
135 Jolteon
89%
43 Oddish
89%
20 Raticate
89%
19 Rattata
89%
134 Vaporeon
89%
148 Dragonair
88%
149 Dragonite
88%
44 Gloom
88%
66 Machop
88%
129 Magikarp
88%
34 Nidoking
88%
29 | 32 Nidoran
88%
35 Clefairy
87%
147 Dratini
87%
125 Electabuzz
87%
74 Geodude
87%
76 Golem
87%
75 Graveler
87%
130 Gyarados
87%
68 Machamp
87%
67 Machoke
87%
126 Magmar
87%
31 Nidoqueen
87%
30 Nidorina
87%
33 Nidorino
87%
95 Onix
87%
257 Blaziken
86%
152 Chikorita
86%
36 Clefable
86%
155 Cyndaquil
86%
39 Jigglypuff
86%
258 Mudkip
86%
255 Torchic
86%
252 Treecko
86%
45 Vileplume
86%
59 Arcanine
85%
69 Bellsprout
85%
58 Growlithe
85%
106 Hitmonlee
85%
81 Magnemite
85%
82 Magneton
85%
38 Ninetales
85%
61 Poliwhirl
85%
27 Sandshrew
85%
28 Sandslash
85%
123 Scyther
85%
143 Snorlax
85%
100 Voltorb
85%
37 Vulpix
85%
40 Wigglytuff
85%
41 Zubat
85%
153 Bayleef
84%
251 Celebi
84%
101 Electrode
84%
42 Golbat
84%
107 Hitmonchan
84%
124 Jynx
84%
154 Meganium
84%
60 Poliwag
84%
62 Poliwrath
84%
156 Quilava
84%
245 Suicune
84%
260 Swampert
84%
158 Totodile
84%
113 Chansey
83%
50 Diglett
83%
51 Dugtrio
83%
244 Entei
83%
250 Ho-Oh
83%
140 Kabuto
83%
141 Kabutops
83%
131 Lapras
83%
249 Lugia
83%
243 Raikou
83%
128 Tauros
83%
157 Typhlosion
83%
71 Victreebel
83%
70 Weepinbell
83%
142 Aerodactyl
82%
256 Combusken
82%
159 Croconaw
82%
160 Feraligatr
82%
109 Koffing
82%
172 Pichu
82%
120 Staryu
82%
197 Umbreon
82%
110 weezing
82%
196 Espeon
81%
253 Grovyle
81%
259 Marshtomp
81%
52 Meowth
81%
89 Muk
81%
138 Omanyte
81%
139 Omastar
81%
53 Persian
81%
254 Sceptile
81%
121 Starmie
81%
208 Steelix
81%
48 Venonat
81%
169 Crobat
80%
87 Dewgong
80%
118 Goldeen
80%
88 Grimer
80%
383 Groudon
80%
116 Horsea
80%
240 Magby
80%
122 Mr. Mime
80%
127 Pinsir
80%
77 Ponyta
80%
117 Seadra
80%
119 Seaking
80%
86 Seel
80%
248 Tyranitar
80%
49 Venomoth
80%
386 Deoxys
79%
239 Elekid
79%
115 Kangaskhan
79%
382 Kyogre
79%
56 Mankey
79%
78 Rapidash
79%
384 Rayquaza
79%
111 Rhyhorn
79%
173 Cleffa
78%
132 Ditto
78%
83 Farfetch'd
78%
163 Hoothoot
78%
246 Larvitar
78%
46 Paras
78%
47 Parasect
78%
137 Porygon
78%
57 Primeape
78%
54 Psyduck
78%
112 Rhydon
78%
80 Slowbro
78%
79 Slowpoke
78%
114 Tangela
78%
96 Drowzee
77%
102 Exeggcute
77%
103 Exeggutor
77%
55 Golduck
77%
237 Hitmontop
77%
97 Hypno
77%
174 Igglybuff
77%
247 Pupitar
77%
90 Shellder
77%
72 Tentacool
77%
91 Cloyster
76%
162 Furret
76%
385 Jirachi
76%
261 Poochyena
76%
212 Scizor
76%
161 Sentret
76%
73 Tentacruel
76%
263 Zigzagoon
76%
104 Cubone
75%
85 Dodrio
75%
84 Doduo
75%
230 Kingdra
75%
98 Krabby
75%
380 Latias
75%
105 Marowak
75%
262 Mightyena
75%
164 Noctowl
75%
378 Regice
75%
377 Regirock
75%
379 Registeel
75%
267 Beautifly
74%
268 Cascoon
74%
99 Kingler
74%
381 Latios
74%
264 Linoone
74%
167 Spinarak
74%
236 Tyrogue
74%
265 Wurmple
74%
242 Blissey
73%
373 Salamence
73%
266 Silcoon
73%
199 Slowking
73%
168 Ariados
72%
371 Bagon
72%
269 Dustox
72%
186 Politoed
72%
280 Ralts
72%
238 Smoochum
72%
182 Bellossom
71%
108 Lickitung
71%
175 Togepi
71%
282 Gardevoir
70%
376 Metagross
70%
227 Skarmory
70%
281 Kirlia
69%
375 Metang
69%
276 Taillow
69%
176 Togetic
69%
181 Ampharos
68%
374 Beldum
68%
214 Heracross
68%
179 Mareep
68%
372 Shelgon
68%
277 Swellow
68%
309 Electrike
67%
270 Lotad
67%
200 Misdreavus
67%
229 Houndoom
66%
228 Houndour
66%
272 Ludicolo
66%
183 Marill
66%
233 Porygon2
66%
278 Wingull
66%
184 Azumarill
65%
180 Flaaffy
65%
171 Lanturn
65%
165 Ledyba
65%
271 Lombre
65%
310 Manectric
65%
279 Pelipper
65%
241 Miltank
64%
312 Minun
64%
274 Nuzleaf
64%
311 Plusle
64%
273 Seedot
64%
289 Slaking
64%
287 Slakoth
64%
328 Trapinch
64%
201 Unown
64%
202 Wobbuffet
64%
323 Camerupt
63%
170 Chinchou
63%
355 Duskull
63%
349 Feebas
63%
330 Flygon
63%
187 Hoppip
63%
166 Ledian
63%
177 Natu
63%
322 Numel
63%
275 Shiftry
63%
218 Slugma
63%
185 Sudowoodo
63%
288 Vigoroth
63%
178 Xatu
63%
356 Dusclops
62%
297 Hariyama
62%
296 Makuhita
62%
350 Milotic
62%
198 Murkrow
62%
369 Relicanth
62%
321 Wailord
62%
347 Anorith
61%
304 Aron
61%
298 Azurill
61%
354 Banette
61%
219 Magcargo
61%
353 Shuppet
61%
188 Skiploom
61%
363 Spheal
61%
324 Torkoal
61%
320 Wailmer
61%
348 Armaldo
60%
189 Jumpluff
60%
345 Lileep
60%
224 Octillery
60%
223 Remoraid
60%
319 Sharpedo
60%
329 Vibrava
60%
306 Aggron
59%
318 Carvanha
59%
305 Lairon
59%
307 Meditite
59%
364 Sealeo
59%
338 Solrock
59%
365 Walrein
59%
360 Wynaut
59%
335 Zangoose
59%
359 Absol
58%
366 Clamperl
58%
346 Cradily
58%
314 Illumise
58%
337 Lunatone
58%
308 Medicham
58%
231 Phanpy
58%
204 Pineco
58%
285 Shroomish
58%
234 Stantler
58%
220 Swinub
58%
357 Tropius
58%
217 Ursaring
58%
286 Breloom
57%
331 Cacnea
57%
232 Donphan
57%
203 Girafarig
57%
367 Huntail
57%
370 Luvdisc
57%
226 Mantine
57%
221 Piloswine
57%
336 Seviper
57%
235 Smeargle
57%
216 Teddiursa
57%
313 Volbeat
57%
332 Cacturne
56%
222 Corsola
56%
205 Forretress
56%
368 Gorebyss
56%
294 Loudred
56%
303 Mawile
56%
291 Ninjask
56%
299 Nosepass
56%
283 Surskit
56%
293 Whismur
56%
295 Exploud
55%
210 Granbull
55%
302 Sableye
55%
209 Snubbull
55%
327 Spinda
55%
225 Delibird
54%
362 Glalie
54%
284 Masquerain
54%
290 Nincada
54%
195 Quagsire
54%
315 Roselia
54%
292 Shedinja
54%
361 Snorunt
54%
194 Wooper
54%
190 Aipom
53%
334 Altaria
53%
358 Chimecho
53%
316 Gulpin
53%
352 Kecleon
53%
300 Skitty
53%
191 Sunkern
53%
333 Swablu
53%
301 Delcatty
52%
215 Sneasel
52%
192 Sunflora
52%
317 Swalot
52%
343 Baltoy
51%
351 Castform
51%
344 Claydol
51%
342 Crawdaunt
51%
341 Corphish
50%
206 Dunsparce
50%
213 Shuckle
50%
339 Barboach
49%
340 Whiscash
49%
193 Yanma
49%
211 Qwilfish
48%
325 Spoink
48%
207 Gligar
47%
326 Grumpig
47%
No matching quizzes found
Score Distribution
Percent of People with Each Score
Percentile by Number Answered
Your Score History
You have not taken this quiz since the last reset